Szczegóły MARC21

Great American short stories /

003 -Nazwa inst., której nr kontr. jest w polu 001 [,]
    • @
    • Nazwa instytucji, której n kontrolny jest w polu 001
    • NUKAT
005 -DATA I CZAS OSTATNIEJ MODYFIKACJI [,]
    • @
    • pole kontrolne
    • 20241231085530.0
040 -Instytucja sporządzająca opis [ , ]
    • a
    • Instytucja, która sporządziła opis (NP)
    • KAT U/43IP
    • c
    • Instytucja, która sporządziła rekord (NP)
    • KAT U/43IP
    • d
    • Instytucja, która zmodyfikowała rekord (P)
    • KAT U/43GCs
    • d
    • Instytucja, która zmodyfikowała rekord (P)
    • KR 119/LW
942 -Rodzaj dokumentu [ , ]
    • c
    • Rodzaj dokumentu
    • Książka
245 -Strefa tytułu i oznaczenia odpowiedzialności [0,0]
    • a
    • Tytuł
    • Great American short stories / Find
    • c
    • Pozostałe elementy strefy tytułu i oznaczenia odpowiedzialności (NP)
    • ed. by Wallace and Mary Stegner.
260 -Strefa adresu wydawniczego [ , ]
    • a
    • Miejsce wydania (P)
    • New York :
    • b
    • Nazwa wydawcy (P)
    • Dell Publishing,
    • c
    • Data wydania (P)
    • 1957.
300 -Strefa opisu fizycznego [ , ]
    • a
    • Określenie formy książki i/lub objętość (NP)
    • 511 s. ;
    • c
    • Format (NP)
    • 18 cm.
336 -Typ zawartości [ , ]
    • a
    • Termin opisujący typ zawartości
    • Tekst
    • b
    • Kod określający zawartość
    • txt
    • 2
    • Źródło (terminu i kodu)
    • rdacontent
337 -Typ mediów [ , ]
    • a
    • Tryb odtwarzania
    • Bez urządzenia pośredniczącego
    • b
    • Kod typu mediów
    • n
    • 2
    • Źródło (terminu i kodu)
    • rdamedia
338 -Typ/rodzaj nośnika [ , ]
    • a
    • Hasło opisujące typ nośnika
    • Wolumin
    • b
    • Kod typu nośnika
    • nc
    • 2
    • Źródło (terminu i kodu)
    • rdacarrier
500 -Uwaga ogólna [ , ]
    • a
    • Uwaga ogólna (NP)
    • Laurel Edition.
505 -Uwaga dot. zawartości książki [0, ]
    • a
    • Uwaga dot. zawartości książki
    • Rip Van Winkle / Washington Irving. Young Goodman Brown / Nathaniel Hawthorne. The fall of the House of Usher / Edgar Allan Poe. Bartleby the scrivener / Herman Melville. Baker's bluejay yarn / Mark Twain. Tennessee's partner / Bret Harte. The boarded window / Ambrose Bierce. The real thing / Henry James. A village singer / Mary Wilkins Freeman. Mrs. Ripley's trip / Hamlin Garland. A municipal report / O. Henry. Roman fever / Edith Wharton. The open boat / Stephen Crane. Unlighted lamps / Sherwood Anderson. The man who saw through heaven / Wilbur Daniel Steele. Silent snow, secret snow / Conrad Aiken. He / Katherine Anne Porter. The catbird seat / James Thurber. The little wife / William March. Wash / William Faulkner. The snake / John Steinbeck. To the mountains / Paul Horgan. Over the river and through the wood / John O'Hara. The wind and the snow of winter / Walter van Tilburg Clark. Powerhouse / Eudora Welty. In Greenwich there are many gravelled walks / Hortense Calisher.
080 -Uniwersalna Klasyfikacja Dziesiętna [ , ]
    • a
    • Symbol klasyfikacji
    • 820-32(73)(082.2)=20
080 -Uniwersalna Klasyfikacja Dziesiętna [ , ]
    • a
    • Symbol klasyfikacji
    • :820-8(73)=20
655 -Hasło w funkcji tematu formalnego [ ,7]
    • a
    • Hasło
    • Nowele amerykańskie
    • y
    • Określnik chronologiczny
    • 19 w.
    • v
    • Określnik formy
    • antologie.
    • 2
    • Źródło terminu
    • kaba
    • 9
    • KHW
    • 432390
655 -Hasło w funkcji tematu formalnego [ ,7]
    • a
    • Hasło
    • Nowele amerykańskie
    • y
    • Określnik chronologiczny
    • 20 w.
    • v
    • Określnik formy
    • antologie.
    • 2
    • Źródło terminu
    • kaba
    • 9
    • KHW
    • 533192
980 -Symbol UKD [ , ]
    • a
    • UKD
    • 820-32(73)(082.2):820-8(73)]=20
700 -Hasło dodatkowe - nazwa osobowa [1, ]
    • a
    • Nazwa osobowa (NP)
    • Stegner, Wallace Earle Find
    • d
    • Daty biograficzne (NP)
    • (1909-1993).
    • e
    • Określenie rodzaju współpracy
    • Red.
    • 9
    • KHW
    • 253102
700 -Hasło dodatkowe - nazwa osobowa [1, ]
    • a
    • Nazwa osobowa (NP)
    • Stegner, Mary. Find
    • e
    • Określenie rodzaju współpracy
    • Red.
    • 9
    • KHW
    • 532789
700 -Hasło dodatkowe - nazwa osobowa [1,2]
    • a
    • Nazwa osobowa (NP)
    • Irving, Washington Find
    • d
    • Daty biograficzne (NP)
    • (1783-1859).
    • t
    • Tytuł ujednolicony/tytuł (NP)
    • Rip van Winkle Find
    • l
    • Język tekstu (NP)
    • (ang.)
    • 9
    • KHW
    • 532794
700 -Hasło dodatkowe - nazwa osobowa [1,2]
    • a
    • Nazwa osobowa (NP)
    • Hawthorne, Nathaniel Find
    • d
    • Daty biograficzne (NP)
    • (1804-1864).
    • t
    • Tytuł ujednolicony/tytuł (NP)
    • Young Goodman Brown Find
    • l
    • Język tekstu (NP)
    • (ang.)
    • 9
    • KHW
    • 532793
700 -Hasło dodatkowe - nazwa osobowa [1,2]
    • a
    • Nazwa osobowa (NP)
    • Poe, Edgar Allan Find
    • d
    • Daty biograficzne (NP)
    • (1809-1849).
    • t
    • Tytuł ujednolicony/tytuł (NP)
    • Fall of the house of Usher Find
    • l
    • Język tekstu (NP)
    • (ang.)
    • 9
    • KHW
    • 532788
700 -Hasło dodatkowe - nazwa osobowa [1,2]
    • a
    • Nazwa osobowa (NP)
    • Melville, Herman Find
    • d
    • Daty biograficzne (NP)
    • (1819-1891).
    • t
    • Tytuł ujednolicony/tytuł (NP)
    • Bartleby, the scrivener Find
    • l
    • Język tekstu (NP)
    • (ang.)
    • 9
    • KHW
    • 532787
700 -Hasło dodatkowe - nazwa osobowa [1,2]
    • a
    • Nazwa osobowa (NP)
    • Twain, Mark Find
    • d
    • Daty biograficzne (NP)
    • (1835-1910).
    • t
    • Tytuł ujednolicony/tytuł (NP)
    • Baker's bluejay yarn Find
    • l
    • Język tekstu (NP)
    • (ang.)
    • 9
    • KHW
    • 532811
700 -Hasło dodatkowe - nazwa osobowa [1,2]
    • a
    • Nazwa osobowa (NP)
    • Harte, Bret Find
    • d
    • Daty biograficzne (NP)
    • (1836-1902).
    • t
    • Tytuł ujednolicony/tytuł (NP)
    • Tennessee's partner Find
    • l
    • Język tekstu (NP)
    • (ang.)
    • 9
    • KHW
    • 532812
700 -Hasło dodatkowe - nazwa osobowa [1,2]
    • a
    • Nazwa osobowa (NP)
    • Bierce, Ambrose Find
    • d
    • Daty biograficzne (NP)
    • (1842-1914?).
    • t
    • Tytuł ujednolicony/tytuł (NP)
    • Boarded window Find
    • l
    • Język tekstu (NP)
    • (ang.)
    • 9
    • KHW
    • 532810
700 -Hasło dodatkowe - nazwa osobowa [1,2]
    • a
    • Nazwa osobowa (NP)
    • James, Henry Find
    • d
    • Daty biograficzne (NP)
    • (1843-1916).
    • t
    • Tytuł ujednolicony/tytuł (NP)
    • Real thing Find
    • l
    • Język tekstu (NP)
    • (ang.)
    • 9
    • KHW
    • 532791
700 -Hasło dodatkowe - nazwa osobowa [1,2]
    • a
    • Nazwa osobowa (NP)
    • Freeman, Mary Eleanor Wilkins Find
    • d
    • Daty biograficzne (NP)
    • (1852-1930).
    • t
    • Tytuł ujednolicony/tytuł (NP)
    • Village singer Find
    • l
    • Język tekstu (NP)
    • (ang.)
    • 9
    • KHW
    • 532809
700 -Hasło dodatkowe - nazwa osobowa [1,2]
    • a
    • Nazwa osobowa (NP)
    • Garland, Hamlin Find
    • d
    • Daty biograficzne (NP)
    • (1860-1940).
    • t
    • Tytuł ujednolicony/tytuł (NP)
    • Mrs. Ripley's trip Find
    • l
    • Język tekstu (NP)
    • (ang.)
    • 9
    • KHW
    • 532808
700 -Hasło dodatkowe - nazwa osobowa [1,2]
    • a
    • Nazwa osobowa (NP)
    • Henry, O. Find
    • d
    • Daty biograficzne (NP)
    • (1862-1910).
    • t
    • Tytuł ujednolicony/tytuł (NP)
    • Municipal report Find
    • l
    • Język tekstu (NP)
    • (ang.)
    • 9
    • KHW
    • 532814
700 -Hasło dodatkowe - nazwa osobowa [1,2]
    • a
    • Nazwa osobowa (NP)
    • Wharton, Edith Find
    • d
    • Daty biograficzne (NP)
    • (1862-1937).
    • t
    • Tytuł ujednolicony/tytuł (NP)
    • Roman fever Find
    • l
    • Język tekstu (NP)
    • (ang.)
    • 9
    • KHW
    • 532790
700 -Hasło dodatkowe - nazwa osobowa [1,2]
    • a
    • Nazwa osobowa (NP)
    • Crane, Stephen Find
    • d
    • Daty biograficzne (NP)
    • (1871-1900).
    • t
    • Tytuł ujednolicony/tytuł (NP)
    • Open boat Find
    • l
    • Język tekstu (NP)
    • (ang.)
    • 9
    • KHW
    • 532792
700 -Hasło dodatkowe - nazwa osobowa [1,2]
    • a
    • Nazwa osobowa (NP)
    • Anderson, Sherwood Find
    • d
    • Daty biograficzne (NP)
    • (1876-1941).
    • t
    • Tytuł ujednolicony/tytuł (NP)
    • Unlighted lamps Find
    • l
    • Język tekstu (NP)
    • (ang.)
    • 9
    • KHW
    • 532807
700 -Hasło dodatkowe - nazwa osobowa [1,2]
    • a
    • Nazwa osobowa (NP)
    • Steele, Wilbur Daniel Find
    • d
    • Daty biograficzne (NP)
    • (1886-1970).
    • t
    • Tytuł ujednolicony/tytuł (NP)
    • Man who saw through heaven Find
    • l
    • Język tekstu (NP)
    • (ang.)
    • 9
    • KHW
    • 532806
700 -Hasło dodatkowe - nazwa osobowa [1,2]
    • a
    • Nazwa osobowa (NP)
    • Aiken, Conrad Find
    • d
    • Daty biograficzne (NP)
    • (1889-1973).
    • t
    • Tytuł ujednolicony/tytuł (NP)
    • Silent snow, secret snow Find
    • l
    • Język tekstu (NP)
    • (ang.)
    • 9
    • KHW
    • 532813
700 -Hasło dodatkowe - nazwa osobowa [1,2]
    • a
    • Nazwa osobowa (NP)
    • Porter, Katherine Anne Find
    • d
    • Daty biograficzne (NP)
    • (1890-1980).
    • t
    • Tytuł ujednolicony/tytuł (NP)
    • He Find
    • l
    • Język tekstu (NP)
    • (ang.)
    • 9
    • KHW
    • 532805
700 -Hasło dodatkowe - nazwa osobowa [1,2]
    • a
    • Nazwa osobowa (NP)
    • Thurber, James Find
    • d
    • Daty biograficzne (NP)
    • (1894-1961).
    • t
    • Tytuł ujednolicony/tytuł (NP)
    • Catbird seat Find
    • l
    • Język tekstu (NP)
    • (ang.)
    • 9
    • KHW
    • 532804
700 -Hasło dodatkowe - nazwa osobowa [1,2]
    • a
    • Nazwa osobowa (NP)
    • March, William Find
    • d
    • Daty biograficzne (NP)
    • (1893-1954).
    • t
    • Tytuł ujednolicony/tytuł (NP)
    • Little wife Find
    • l
    • Język tekstu (NP)
    • (ang.)
    • 9
    • KHW
    • 532803
700 -Hasło dodatkowe - nazwa osobowa [1,2]
    • a
    • Nazwa osobowa (NP)
    • Faulkner, William Find
    • d
    • Daty biograficzne (NP)
    • (1897-1962).
    • t
    • Tytuł ujednolicony/tytuł (NP)
    • Wash Find
    • l
    • Język tekstu (NP)
    • (ang.)
    • 9
    • KHW
    • 532802
700 -Hasło dodatkowe - nazwa osobowa [1,2]
    • a
    • Nazwa osobowa (NP)
    • Steinbeck, John Find
    • d
    • Daty biograficzne (NP)
    • (1902-1968).
    • t
    • Tytuł ujednolicony/tytuł (NP)
    • Snake Find
    • l
    • Język tekstu (NP)
    • (ang.)
    • 9
    • KHW
    • 532801
700 -Hasło dodatkowe - nazwa osobowa [1,2]
    • a
    • Nazwa osobowa (NP)
    • Horgan, Paul Find
    • d
    • Daty biograficzne (NP)
    • (1903-1995).
    • t
    • Tytuł ujednolicony/tytuł (NP)
    • To the mountains Find
    • l
    • Język tekstu (NP)
    • (ang.)
    • 9
    • KHW
    • 532800
700 -Hasło dodatkowe - nazwa osobowa [1,2]
    • a
    • Nazwa osobowa (NP)
    • O'Hara, John Find
    • d
    • Daty biograficzne (NP)
    • (1905-1970).
    • t
    • Tytuł ujednolicony/tytuł (NP)
    • Over the river and through the wood Find
    • l
    • Język tekstu (NP)
    • (ang.)
    • 9
    • KHW
    • 532799
700 -Hasło dodatkowe - nazwa osobowa [1,2]
    • a
    • Nazwa osobowa (NP)
    • Clark, Walter Van Tilburg Find
    • d
    • Daty biograficzne (NP)
    • (1909-1971).
    • t
    • Tytuł ujednolicony/tytuł (NP)
    • Wind and the snow of winter Find
    • l
    • Język tekstu (NP)
    • (ang.)
    • 9
    • KHW
    • 532798
700 -Hasło dodatkowe - nazwa osobowa [1,2]
    • a
    • Nazwa osobowa (NP)
    • Welty, Eudora Find
    • d
    • Daty biograficzne (NP)
    • (1909-2001).
    • t
    • Tytuł ujednolicony/tytuł (NP)
    • Powerhouse Find
    • l
    • Język tekstu (NP)
    • (ang.)
    • 9
    • KHW
    • 532797
700 -Hasło dodatkowe - nazwa osobowa [1,2]
    • a
    • Nazwa osobowa (NP)
    • Calisher, Hortense Find
    • d
    • Daty biograficzne (NP)
    • (1911-2009).
    • t
    • Tytuł ujednolicony/tytuł (NP)
    • In Greenwich there are many gravelled walks Find
    • l
    • Język tekstu (NP)
    • (ang.)
    • 9
    • KHW
    • 532796
710 -Hasło dodatkowe - nazwa ciała zbiorowego [2, ]
    • a
    • Nazwa ciała zbiorowego lub nazwa geograficzna jako pierwszy element (NP)
    • Dell Publishing Company.
    • 4
    • Kod relacji
    • pbl
    • 9
    • KHW
    • 78293
Sygnatura Lokalizacja Data inwentaryzacji Uwagi nie widoczne w OPAC Status udost. Numer inwentarzowy
ANG. Antologie - lit. amer. 25BM1999-02-16depozyt BM1Z.15476